Estudio de la Constitución Política de 1993
Kaydedildi:
| Yazar: | |
|---|---|
| Materyal Türü: | Kitap |
| Dil: | İspanyolca |
| Baskı/Yayın Bilgisi: |
Lima
Pontificia Universidad Católica del Perú
1999
|
| Konular: | |
| Etiketler: |
Etiketle
Etiket eklenmemiş, İlk siz ekleyin!
|
MARC
| LEADER | 00000nam a2200000 a 4500 | ||
|---|---|---|---|
| 001 | UCO5906 | ||
| 003 | CL-VaPUC | ||
| 008 | 000922e19990000PE |||||||||||||||||spa|d | ||
| 082 | 0 | 4 | |a 342.85 |b RUB |2 21 |
| 100 | 0 | |a Rubio Correa, Marcial |e author |9 450700 | |
| 245 | 1 | 0 | |a Estudio de la Constitución Política de 1993 |
| 300 | |a v | ||
| 942 | |c BK | ||
| 945 | |d 20000922 00:00:00 |a vberengu | ||
| 260 | |a Lima |b Pontificia Universidad Católica del Perú |c 1999 | ||
| 500 | |a Donación de Don Alejandro Guzmán Brito | ||
| 650 | 0 | |a Constitución política |9 336925 | |
| 650 | 0 | |a Derechos fundamentales |9 254841 | |
| 650 | 7 | |a DERECHOS SOCIALES Y ECONOMICOS |2 CL-VaPUC |9 338286 | |
| 650 | 7 | |a DESCENTRALIZACION |2 CL-VaPUC |9 311229 | |
| 650 | 7 | |a ESTADO Y NACION |2 CL-VaPUC |9 440817 | |
| 650 | 7 | |a GARANTIAS CONSTITUCIONALES |2 CL-VaPUC |9 450701 | |
| 650 | 0 | |a Ministerio público |9 332891 | |
| 650 | 0 | |a Poder ejecutivo |9 255177 | |
| 650 | 0 | |a Poder judicial |9 254871 | |
| 650 | 0 | |a Poder legislativo |9 258808 | |
| 650 | 0 | |a Sistemas electorales |9 326307 | |
| 651 | 0 | |a Perú |9 256567 | |
| 583 | |a last modification |c 20131002 04:38:57 |k Rodrigo Vera | ||
| 999 | |c 291726 |d 291724 | ||
| 952 | |0 0 |1 0 |4 0 |6 342_850000000000000_RUB_1999 |7 0 |8 A |9 341870 |a BIBDER |b BIBDER |d 2019-11-20 |h v.1 |i 3651622 |o 342.85 RUB 1999 |p 3651622 |r 2023-01-25 |w 2019-11-20 |y BK |k DER | ||
| 952 | |0 0 |1 0 |4 0 |6 342_850000000000000_RUB_1999 |7 0 |8 A |9 341871 |a BIBDER |b BIBDER |d 2019-11-20 |h v.2 |i 3651630 |o 342.85 RUB 1999 |p 3651630 |r 2023-01-25 |w 2019-11-20 |y BK |k DER | ||
| 952 | |0 0 |1 0 |4 0 |6 342_850000000000000_RUB_1999 |7 0 |8 A |9 341872 |a BIBDER |b BIBDER |d 2019-11-20 |h v.3 |i 3651649 |o 342.85 RUB 1999 |p 3651649 |r 2023-01-25 |w 2019-11-20 |y BK |k DER | ||
| 952 | |0 0 |1 0 |4 0 |6 342_850000000000000_RUB_1999 |7 0 |8 A |9 341873 |a BIBDER |b BIBDER |d 2019-11-20 |h v.4 |i 3651657 |o 342.85 RUB 1999 |p 3651657 |r 2023-01-25 |w 2019-11-20 |y BK |k DER | ||
| 952 | |0 0 |1 0 |4 0 |6 342_850000000000000_RUB_1999 |7 0 |8 A |9 341874 |a BIBDER |b BIBDER |d 2019-11-20 |h v.5 |i 3651665 |o 342.85 RUB 1999 |p 3651665 |r 2023-01-25 |w 2019-11-20 |y BK |k DER | ||
| 952 | |0 0 |1 0 |4 0 |6 342_850000000000000_RUB_1999 |7 0 |8 A |9 341875 |a BIBDER |b BIBDER |d 2019-11-20 |h v.6 |i 3651673 |o 342.85 RUB 1999 |p 3651673 |r 2023-01-25 |w 2019-11-20 |y BK |k DER | ||